000 00877nam a2200253 i 4500
001 bg
100 1 _aCZACHOROWSKI, Stanisław
245 1 0 _aChruściki (Trichoptera) jezior Polski :
_bcharakterystyka rozmieszczenia larw /
_cStanisław Czachorowski.
260 _aOlsztyn :
_bWyższa Szkoła Pedagogicza. Wydaw.,
_c1998.
300 _a155, [1] s. :
_brys., wykr. ;
_c24 cm.
490 1 _aStudia i Materiały WSP w Olsztynie,
_x0860-7273 ;
_vnr 142
500 _aRozprawa habilitacyjna. - Streszcz. ang.
504 _aBibliogr. s. 141-149.
650 9 _aChruściki
_zPolska
650 9 _aJeziora
_xfauna
_zPolska
830 _aStudia i Materiały WSP w Olsztynie,
_x0860-7273 ;
020 _a8387315435
040 _cBPK
041 0 _apl
_ben
080 _a595.7-19(438:285.2/.3)
920 _a83-87315-43-5
942 _cKS
008 s pl f |000 0 pol
999 _c34670
_d34670
856 _uhttp://koha.tu.koszalin.pl/cgi-bin/koha/opac-detail.pl?biblionumber=34670
_yKatalog online BPK